Effect of production technology and heat treatment on mechanical properties of aluminium foams : Diploma theses

Na minha lista:
Detalhes bibliográficos
Autor principal: Harnúšková, Jana, 1985- (Author)
Outros Autores: Florek, Roman (xxx)
Formato: Manuscrito Livro
Idioma:eslovaco
Publicado em: Trnava : STU v Bratislave MTF UMAT, 2009
Assuntos:
Tags: Adicionar Tag
Sem tags, seja o primeiro a adicionar uma tag!

MARC

LEADER 00000ntm a22000003a 4500
001 stu186226
005 20150617230037.0
008 090629s2009----xo------------------slo-d
040 |a STU  |b slo 
041 0 |a slo 
044 |a xo 
100 1 |a Harnúšková, Jana,  |d 1985-  |4 aut  |u M1000  |U MTF Materiálovotechnologická fakulta  |T MTF Ústav materiálov  |X 33010  |U M1000  |Y 81  |7 A000033010 
245 1 |a Effect of production technology and heat treatment on mechanical properties of aluminium foams :  |b Diploma theses 
260 |a Trnava :  |b STU v Bratislave MTF UMAT,  |c 2009 
300 |a 71 s  |c 1 CD-ROM 
500 |a Študijný program: technické materiály 
500 |a Študijný odbor: 5.2.26 materiály 
650 7 |a hliník  |2 stusub 
650 7 |a tepelné spracovanie  |2 stusub 
650 7 |a Meranie tvrdosti  |2 stusub 
650 7 |a tlakové skúšky  |2 stusub 
700 1 |a Florek, Roman  |4 xxx 
700 1 |a Simančík, František  |4 csl 
996 |b 284M070618  |c M*DP-7935  |l MMSKP  |s P  |a 0  |w stu186226_0001